000 00649nam a2200169 a 4500
008 150825s1989 ||||||||||||||||| || u
020 _a9780805301243
050 _aQP 34.5 Mar
100 _aMarieb, Elaine N
245 1 0 _aHuman anatomy and physiology
_cby Elaine N. Marieb
260 _aRedwood City
_bBenjamin/Cummings
_c1989
300 _axi, 436p. :ill.
350 _a0.75
650 _aHUMAN ANATOMY--STUDY GUIDES
650 _aHUMAN PHYSIOLOGY--STUDY GUIDES
995 _aMEDICAL LIBRARY OPEN ACCESS
_e903025
_FCBU-SCHOOL OF MEDICINE LIBRARY (Ndola)
_I0.75
_jQP 34.5 Mar
_M1
_UAVAILABLE
_WSep 4, 2015
_y903025
_ZMedical Library Open Access Collection
999 _c31716
_d31716